<?xml version="1.0" encoding="UTF-8"?>
<record
    xmlns:xsi="http://www.w3.org/2001/XMLSchema-instance"
    xsi:schemaLocation="http://www.loc.gov/MARC21/slim http://www.loc.gov/standards/marcxml/schema/MARC21slim.xsd"
    xmlns="http://www.loc.gov/MARC21/slim">

  <leader>04520cam a2200301   4500500</leader>
  <controlfield tag="005">20260517000333.0</controlfield>
  <datafield tag="041" ind1=" " ind2=" ">
    <subfield code="a">fre</subfield>
  </datafield>
  <datafield tag="042" ind1=" " ind2=" ">
    <subfield code="a">dc</subfield>
  </datafield>
  <datafield tag="100" ind1="1" ind2="0">
    <subfield code="a">Ahanhanzo, Yolaine Gl&#xE8;l&#xE8;</subfield>
    <subfield code="e">author</subfield>
  </datafield>
  <datafield tag="700" ind1="1" ind2="0">
    <subfield code="a">Kittel, France</subfield>
    <subfield code="e">author</subfield>
  </datafield>
  <datafield tag="700" ind1="1" ind2="0">
    <subfield code="a">Para&#xEF;so, No&#xEB;l Moussiliou</subfield>
    <subfield code="e">author</subfield>
  </datafield>
  <datafield tag="700" ind1="1" ind2="0">
    <subfield code="a">Godin, Isabelle</subfield>
    <subfield code="e">author</subfield>
  </datafield>
  <datafield tag="700" ind1="1" ind2="0">
    <subfield code="a">Wilmet-Dramaix, Mich&#xE8;le</subfield>
    <subfield code="e">author</subfield>
  </datafield>
  <datafield tag="700" ind1="1" ind2="0">
    <subfield code="a">Makoutod&#xE9;, Michel</subfield>
    <subfield code="e">author</subfield>
  </datafield>
  <datafield tag="245" ind1="0" ind2="0">
    <subfield code="a">Analyse exploratoire de l'engagement au travail&#xA0;: utilisation de l'&#xE9;chelle d'Utrecht au B&#xE9;nin</subfield>
  </datafield>
  <datafield tag="260" ind1=" " ind2=" ">
    <subfield code="c">2014.
							</subfield>
  </datafield>
  <datafield tag="500" ind1=" " ind2=" ">
    <subfield code="a">81</subfield>
  </datafield>
  <datafield tag="520" ind1=" " ind2=" ">
    <subfield code="a">Introduction&#xA0;: L&#x2019;engagement au travail, concept &#xE9;mergent en psychologie positive au travail, facteur potentiel de performance, est peu connu dans les pays en d&#xE9;veloppement. Dans le contexte de crise socio-&#xE9;conomique des ressources humaines en sant&#xE9;, et avec le probl&#xE8;me r&#xE9;current de la mauvaise qualit&#xE9; des donn&#xE9;es, cette &#xE9;tude vise &#xE0; identifier les facteurs associ&#xE9;s &#xE0; l&#x2019;engagement au travail chez les agents de sant&#xE9; en charge de la collecte des donn&#xE9;es dans le syst&#xE8;me d&#x2019;information sanitaire de routine au B&#xE9;nin. M&#xE9;thodes&#xA0;: L&#x2019;&#xE9;tude transversale descriptive et analytique concerne les agents de sant&#xE9; charg&#xE9;s de la collecte des donn&#xE9;es dans les centres de sant&#xE9; publics et priv&#xE9;s. La technique et l&#x2019;outil utilis&#xE9;s sont l&#x2019;interview avec un questionnaire auto-administr&#xE9;. La variable d&#xE9;pendante est l&#x2019;engagement au travail. Les variables ind&#xE9;pendantes sont les caract&#xE9;ristiques sociod&#xE9;mographiques et professionnelles, les ressources personnelles, celles de l&#x2019;emploi et la perception des facteurs techniques. Une r&#xE9;gression logistique est utilis&#xE9;e avec un test d&#x2019;ad&#xE9;quation de Hosmer et Lemeshow. R&#xE9;sultats&#xA0;: Le niveau d&#x2019;engagement au travail est similaire &#xE0; ceux obtenus dans les &#xE9;tudes ant&#xE9;rieures. Le mod&#xE8;le final identifie les pr&#xE9;dicteurs que sont la perception des facteurs techniques, la localisation du travail et les niveaux d&#x2019;efforts et de surinvestissement. Discussion&#xA0;: Cette &#xE9;tude permet d&#x2019;identifier les d&#xE9;terminants de l&#x2019;engagement au travail, d&#x2019;am&#xE9;liorer la connaissance de ce nouveau concept au B&#xE9;nin. Les r&#xE9;sultats peuvent contribuer &#xE0; la recherche pour orienter la gestion des ressources humaines dans le secteur de la sant&#xE9; pour une r&#xE9;elle culture de la performance pour le d&#xE9;veloppement.</subfield>
  </datafield>
  <datafield tag="520" ind1=" " ind2=" ">
    <subfield code="a">Exploratory analysis of work engagement&#xA0;: Use of the Utrecht scale in Benin Introduction&#xA0;: Work engagement, an emerging concept in the field of positive psychology in the workplace is not well known in developing countries. Defined as a positive and fulfilling mindset related to work, it recalls a positive attitude incentive of performance and need to be investigated. In the context of the socioeconomic crisis of health workers, and with the chronic issue of poor quality of data, this study was designed to identify the factors associated with work engagement among health workers in charge of data collection in the Benin Routine Health Information System. Methods&#xA0;: This study was a cross-sectional and analytical study targeting health workers in charge of data collection in public and private health centres. The dependent variable was work engagement and independent variables were socio-demographic and professional features, personal and professional resources and perception of technical factors. Logistic regression was used. The adequacy of the model was tested with the Hosmer-Lemeshow goodness of fit test. Results&#xA0;: The results indicate that the level of work engagement is similar with that observed in previous studies. Predictors identified in logistic regression are perception of technical factors, location of the job, and personal resources, such as level of effort and over-commitment. Discussion&#xA0;: This study identified factors associated with work engagement in a developing country, and adds to the knowledge concerning this new concept in Benin. The findings can contribute to research for improvement of human resources management in the health sector to achieve real performance and development.</subfield>
  </datafield>
  <datafield tag="690" ind1=" " ind2=" ">
    <subfield code="a">b&#xE9;nin</subfield>
  </datafield>
  <datafield tag="690" ind1=" " ind2=" ">
    <subfield code="a">satisfaction professionnelle</subfield>
  </datafield>
  <datafield tag="690" ind1=" " ind2=" ">
    <subfield code="a">syst&#xE8;mes d'information sur la sant&#xE9;</subfield>
  </datafield>
  <datafield tag="690" ind1=" " ind2=" ">
    <subfield code="a">benin</subfield>
  </datafield>
  <datafield tag="690" ind1=" " ind2=" ">
    <subfield code="a">health information systems</subfield>
  </datafield>
  <datafield tag="690" ind1=" " ind2=" ">
    <subfield code="a">job satisfaction</subfield>
  </datafield>
  <datafield tag="786" ind1="0" ind2=" ">
    <subfield code="n">Sant&#xE9; Publique | 26 | 3 | 2014-07-08 | p. 365-373 | 0995-3914</subfield>
  </datafield>
  <datafield tag="856" ind1="4" ind2="1">
    <subfield code="u">https://stm.cairn.info/revue-sante-publique-2014-3-page-365?lang=fr&amp;redirect-ssocas=7080</subfield>
  </datafield>
  <datafield tag="999" ind1=" " ind2=" ">
    <subfield code="c">2231410</subfield>
    <subfield code="d">2231410</subfield>
  </datafield>
</record>
